|
|
|
|
| LEADER |
00000nam0a2200000 4500 |
| 001 |
20125 |
| 005 |
20231101205332.0 |
| 010 |
|
|
|a 5859621078
|
| 035 |
|
|
|a (RuTPU)RU\TPU\book\20302
|
| 035 |
|
|
|a BOOK00020372
|
| 090 |
|
|
|a 20125
|
| 100 |
|
|
|a 20011209d1994 m y0rusy50 ca
|
| 101 |
1 |
|
|a san
|
| 102 |
|
|
|a RU
|
| 105 |
|
|
|a y z 000zy
|
| 200 |
1 |
|
|a Бхагавадгита
|e пер. с санскрита, послесловие, примечания, толковый словарь
|
| 205 |
|
|
|a 3-е изд.
|
| 210 |
|
|
|a СПб.
|d 1994
|
| 215 |
|
|
|a 599 с.
|
| 225 |
1 |
|
|a Философские тексты махабхараты
|
| 606 |
1 |
|
|a Индийская философия
|2 stltpush
|3 (RuTPU)RU\TPU\subj\12501
|9 39277
|
| 610 |
1 |
|
|a философия
|
| 610 |
1 |
|
|a Индия
|
| 610 |
1 |
|
|a религиозная философия
|
| 686 |
|
|
|a Ю3(5Ид)
|v LBC/SL-A
|2 rubbk
|
| 801 |
|
0 |
|a RU
|b 63413507
|c 20011209
|g PSBO
|
| 801 |
|
2 |
|a RU
|b 63413507
|c 20230628
|g PSBO
|
| 942 |
|
|
|c BK
|